00441nam a2200181Ia 4500008004100000020001800041245004100059245001900100260001500119260002200134260000900156300001500165300002500180300001000205440001700215500000800232999001900240170705s9999 xx 000 0 und d a9780531212424 4aThe Spanish missions of New Mexico / cby Robin Lyon. aNew York : bChildren's Press, c2010 a48 pages : bcolor illustration ; c22cm. aA true book. a930 c337064d337064